000 01510cam a22004334i 4500
003 PE-LiUPU
005 20250731173058.0
008 150623s r 000 0 d
020 _a9788482670577
035 _a(Sirsi) i9788482670577
040 _aPE-LiUPU
_bspa
_cPE-LiUPU
_erda
049 _aPRUA
082 0 4 _a226.6077
_bG72
_221
100 1 _aGooding, David,
_eautor.
245 1 0 _aSegún Hechos :
_bpermaneciendo fiel a la fe /
_cDavid Goodding.
264 1 _aBarcelona :
_bCLIE,
_c1998.
300 _a566 páginas ;
_c21 centímetros
336 _atext
_2rdacontent
337 _aunmediated
_2rdamedia
338 _avolume
_2rdacarrier
505 0 _aEl cristianismo y la restauración de todas las cosas (1: 1-6:7) -- La adoración y el testimonio cristiano -- La santidad y su teoría y prácticas cristianas -- La doctrina cristiana de la salvación -- El cristianismo y el mundo pagano -- El cristianismo y la defensa y confirmación del evangelio.
526 _aSEG42
526 _aSEG41
526 _aSEG40
526 _aSEG39
526 _aP94
526 _aP87
526 _aP86
526 _aP85
526 _aP77
526 _aP76
526 _aP35
650 0 4 _aPredicación.
942 _2ddc
_cBOOK
994 _aC0
_bPEPRU
596 _a1
999 _a226.6077 G72
_wDEWEY
_c27917
_i48751
_f2021-11-9
_g5
_lCCODEBUL1
_mBUL
_r0
_sY
_tBOOK
_u2015-6-24
_xTEOLOGIA
_PP35
_0COMPRA
_o.STAFF. Colección Teología
_d27917
980 _81
_gALBERTO SANCHEZ Responsable de Automatización